000 00291nam a2200121Ia 4500
008 220204s9999 xx 000 0 und d
082 _a547
_bBAI
100 _aBailey, Christina A
245 0 _aOrganic chemistry
260 _aBoston
_bAllyn;1978
700 _aBailey, Philip S
942 _cBK
999 _c34455
_d34455